[Event "Talca Bobby Fischer CC"]
[Site "Talca"]
[Date "2018.12.26"]
[Round "9.1"]
[White "Sanguesa Pool, Pedro Alberto"]
[Black "Jara Ayala, Jose"]
[Result "0-1"]
[WhiteElo "1785"]
[BlackElo "1149"]
[PlyCount "114"]
[EventDate "2018.11.26"]
[EventType "tourn"]
[EventRounds "9"]
[EventCountry "CHI"]
[SourceTitle "EXT 2024"]
[Source "ChessBase"]
[SourceDate "2023.10.10"]
[SourceVersion "1"]
[SourceVersionDate "2023.10.10"]
[SourceQuality "1"]

1. d4 Nf6 2. e3 d5 3. Nf3 Bf5 4. a3 Nbd7 5. c4 c6 6. Nc3 e6 7. b4 Be7 8. Bb2 0-0 9. c5 h6 10. Be2 Re8 11. 0-0 Bf8 12. Nd2 e5 13. dxe5 Nxe5 14. b5 Qc7 15. Nf3 Nxf3+ 16. Bxf3 Bxc5 17. Qb3 Bd6 18. g3 Rad8 19. Rac1 Qe7 20. a4 h5 21. Qd1 h4 22. Ne2 Be4 23. Nd4 c5 24. Nc2 hxg3 25. hxg3 Bxf3 26. Qxf3 Qe4 27. Ne1 Qxf3 28. Nxf3 Ne4 29. Kg2 f6 30. Rfd1 Bc7 31. Nd2 Nxd2 32. Rxd2 b6 33. a5 Be5 34. Rcd1 Bxb2 35. Rxb2 Rd7 36. a6 Kf7 37. Rbd2 Red8 38. f4 Ke6 39. Kf3 d4 40. g4 dxe3 41. Rxd7 Rxd7 42. Rxd7 Kxd7 43. Kxe3 g6 44. Ke4 Kd6 45. g5 f5+ 46. Kd3 Kd5 47. Kc3 Ke4 48. Kc4 Kxf4 49. Kd5 Kxg5 50. Kc6 f4 51. Kb7 f3 52. Kxa7 f2 53. Kxb6 f1Q 54. a7 Qf3 55. Kc7 Qa8 56. b6 c4 57. b7 Qxa7 0-1

[Event "Talca Bobby Fischer CC"]
[Site "Talca"]
[Date "2018.11.26"]
[Round "1.2"]
[White "Sanguesa Pool, Pedro Alberto"]
[Black "Jorquera Alfaro, Mauricio"]
[Result "0-1"]
[WhiteElo "1785"]
[BlackElo "2041"]
[PlyCount "66"]
[EventDate "2018.11.26"]
[EventType "tourn"]
[EventRounds "9"]
[EventCountry "CHI"]
[SourceTitle "EXT 2024"]
[Source "ChessBase"]
[SourceDate "2023.10.10"]
[SourceVersion "1"]
[SourceVersionDate "2023.10.10"]
[SourceQuality "1"]

1. d4 Nf6 2. c4 g6 3. Nf3 Bg7 4. Nc3 0-0 5. e3 d6 6. b4 a5 7. b5 Nbd7 8. Bb2 b6 9. Qc2 Bb7 10. d5 e6 11. Rd1 e5 12. e4 Nh5 13. Be2 f5 14. exf5 gxf5 15. Nxe5 Nxe5 16. Bxh5 Nxc4 17. 0-0 Qg5 18. Bf3 Ne5 19. Be2 Ng6 20. Bc1 Qf6 21. Bb2 Rae8 22. Na4 Qf7 23. Bxg7 Qxg7 24. Bc4 Nh4 25. f3 f4 26. Rf2 Re3 27. Kf1 Bc8 28. Bd3 Rfe8 29. Qc3 Qg5 30. Qxc7 Rxf3 31. Qxh7+ Kf8 32. Qh8+ Kf7 33. Qh7+ Kf6 0-1